| 000 | 00000nam 2200000zi 4500 |
| 001 | 9.867923 |
| 003 | CaOODSP |
| 005 | 20241203113645 |
| 006 | m o d f |
| 007 | cr nn||||||||| |
| 008 | 190201s1987 onca ob f000 0 eng d |
| 040 | |aCaOODSP|beng|erda|cCaOODSP |
| 041 | |aeng|bfre |
| 043 | |an-cn-on|anl----- |
| 086 | 1 |aEn13-5/87-58E-PDF |
| 100 | 1 |aCharlton, Murray N., |eauthor. |
| 245 | 10|aTotal phosphorus in the central basin of Lake Erie : |bsurveillance implications / |cMurray N. Charlton. |
| 264 | 1|aBurlington, Ontario : |bLakes Research Branch, National Water Research Institute, Canada Centre for Inland Waters, |c[1987] |
| 300 | |a1 online resource (8 pages, 4 unnumbered pages) : |billustrations. |
| 336 | |atext|btxt|2rdacontent |
| 337 | |acomputer|bc|2rdamedia |
| 338 | |aonline resource|bcr|2rdacarrier |
| 490 | 1 |aNWRI contribution ; |vno. 87-58 |
| 500 | |aCover title. |
| 500 | |a"Branch control no. LRB 200." |
| 500 | |a"This manuscript has been submitted to the NWRI Publication, Contribution Series and the contents are subject to change. This copy is to provide information prior to publication." |
| 500 | |aDigitized edition from print [produced by Environment and Climate Change Canada]. |
| 504 | |aIncludes bibliographical references. |
| 546 | |aIncludes management perspective and background in French. |
| 692 | 07|2gccst|aWater pollution |
| 692 | 07|2gccst|aLakes |
| 710 | 1 |aCanada. |bEnvironment Canada. |
| 710 | 2 |aNational Water Research Institute (Canada). |bLakes Research Branch. |
| 830 | #0|aNWRI contribution ;|vno. 87-58.|w(CaOODSP)9.844121 |
| 856 | 40|qPDF|s1.03 MB|uhttps://publications.gc.ca/collections/collection_2019/eccc/En13-5-87-58-eng.pdf |